La independencia y el comienzo de los regímenes representativos
Wedi'i Gadw mewn:
| Prif Awduron: | , |
|---|---|
| Fformat: | Llyfr |
| Iaith: | Sbaeneg |
| Cyhoeddwyd: |
Madrid, España
Síntesis
2003
|
| Cyfres: | Colección Historia Contemporánea de América Latina
|
| Pynciau: | |
| Tagiau: |
Ychwanegu Tag
Dim Tagiau, Byddwch y cyntaf i dagio'r cofnod hwn!
|
MARC
| LEADER | 00000nam a2200000 a 4500 | ||
|---|---|---|---|
| 001 | UCG4561 | ||
| 003 | CL-VaPUC | ||
| 005 | 20230119143957.0 | ||
| 008 | 101111e20030000SP |||||||||||||||||spa|d | ||
| 999 | |c 343259 |d 343257 | ||
| 020 | |a 8497560620 | ||
| 040 | |c Pontificia Universidad Católica de Valparaíso | ||
| 082 | 0 | 4 | |a 980.02 PAL 2003 |2 21 |
| 100 | |a Palacios, Guillermo |e autor |9 553903 | ||
| 245 | 1 | 3 | |a La independencia y el comienzo de los regímenes representativos |
| 260 | |a Madrid, España |b Síntesis |c 2003 | ||
| 300 | |a volúmenes | ||
| 490 | 0 | |a Colección Historia Contemporánea de América Latina | |
| 500 | |a v.1: 1810-1850 | ||
| 583 | |a last modification |c 20101111 00:00:00 |k Rodrigo Vera | ||
| 650 | 0 | |a Independencia |9 344246 | |
| 650 | 0 | |a Movimientos sociales |9 315241 | |
| 650 | 0 | |a Política y gobierno |9 255151 | |
| 651 | 0 | |a América Latina |9 255027 | |
| 700 | 0 | |a Moraga, Fabio |e author |9 553904 | |
| 942 | |c BK |2 ddc | ||
| 945 | |d 20101111 00:00:00 |a mfarfan | ||
| 952 | |0 0 |1 0 |2 ddc |4 0 |6 980_020000000000000_PAL_2003 |7 0 |8 A |9 440422 |a BIBHIS |b BIBHIS |d 2019-11-22 |h v.1 |i 4734556 |o 980.02 PAL 2003 |p 4734556 |r 2025-01-20 |t 1 |w 2019-11-22 |y BK |k HIS | ||